[Event "Russian Blitz Championship (w)"]
[Site "Sochi"]
[Date "2022.10.14"]
[Round "13.7"]
[White "Styazhkina, Anna"]
[Black "Kovanova, Baira"]
[Result "0-1"]
[BlackElo "2217"]
[WhiteElo "2121"]
[LiveChessVersion "1.4.8"]

1. e4 {[%clk 0:03:02]} c5 {[%clk 0:03:03]} 2. Nf3 {[%clk 0:03:02]} e6
{[%clk 0:03:04]} 3. c4 {[%clk 0:03:01]} Nc6 {[%clk 0:03:04]} 4. Nc3
{[%clk 0:03:01]} Nd4 {[%clk 0:02:32]} 5. g3 {[%clk 0:02:14]} d6 {[%clk 0:02:29]}
6. Bg2 {[%clk 0:02:11]} g6 {[%clk 0:02:28]} 7. O-O {[%clk 0:01:46]} Bg7
{[%clk 0:02:28]} 8. Nxd4 {[%clk 0:01:33]} cxd4 {[%clk 0:02:28]} 9. Ne2
{[%clk 0:01:34]} Ne7 {[%clk 0:02:23]} 10. d3 {[%clk 0:01:17]} O-O
{[%clk 0:02:19]} 11. b4 {[%clk 0:01:16]} e5 {[%clk 0:01:36]} 12. Bg5
{[%clk 0:00:46]} f6 {[%clk 0:01:35]} 13. Bd2 {[%clk 0:00:46]} f5 {[%clk 0:01:30]}
14. Qb3 {[%clk 0:00:37]} Kh8 {[%clk 0:01:22]} 15. c5 {[%clk 0:00:21]} fxe4
{[%clk 0:01:17]} 16. Bxe4 {[%clk 0:00:20]} d5 {[%clk 0:01:11]} 17. Bg2
{[%clk 0:00:20]} Bf5 {[%clk 0:01:10]} 18. Bg5 {[%clk 0:00:18]} Rf7
{[%clk 0:00:33]} 19. b5 {[%clk 0:00:16]} h6 {[%clk 0:00:30]} 20. Bxe7
{[%clk 0:00:16]} Rxe7 {[%clk 0:00:31]} 21. Rfd1 {[%clk 0:00:15]} Rd7
{[%clk 0:00:22]} 22. Rac1 {[%clk 0:00:14]} Rc8 {[%clk 0:00:22]} 23. Rc2
{[%clk 0:00:13]} e4 {[%clk 0:00:22]} 24. Nf4 {[%clk 0:00:13]} g5 {[%clk 0:00:15]}
25. Nh5 {[%clk 0:00:13]} exd3 {[%clk 0:00:16]} 26. Rcc1 {[%clk 0:00:12]} Be5
{[%clk 0:00:15]} 27. f3 {[%clk 0:00:11]} Qe7 {[%clk 0:00:12]} 28. Bf1
{[%clk 0:00:10]} Qf7 {[%clk 0:00:12]} 29. g4 {[%clk 0:00:10]} Bg6
{[%clk 0:00:12]} 30. Bxd3 {[%clk 0:00:10]} Bxh5 {[%clk 0:00:13]} 31. gxh5
{[%clk 0:00:06]} Qxh5 {[%clk 0:00:14]} 32. Rc2 {[%clk 0:00:05]} g4
{[%clk 0:00:09]} 33. fxg4 {[%clk 0:00:05]} Qxg4+ {[%clk 0:00:09]} 34. Rg2
{[%clk 0:00:06]} Qf4 {[%clk 0:00:09]} 35. Rf1 {[%clk 0:00:07]} Qe3+
{[%clk 0:00:09]} 36. Kh1 {[%clk 0:00:08]} Rg7 {[%clk 0:00:05]} 37. Rxg7 Bxg7
{[%clk 0:00:05]} 38. Qc2 {[%clk 0:00:03]} Qe5 {[%clk 0:00:04]} 39. c6
{[%clk 0:00:03]} bxc6 {[%clk 0:00:05]} 40. bxc6 {[%clk 0:00:04]} Qd6
{[%clk 0:00:06]} 41. Qg2 {[%clk 0:00:05]} Qxc6 {[%clk 0:00:06]} 42. Rg1
{[%clk 0:00:06]} Qf6 {[%clk 0:00:07]} 43. Rf1 {[%clk 0:00:06]} Qd6
{[%clk 0:00:07]} 44. Bf5 {[%clk 0:00:06]} Rf8 {[%clk 0:00:08]} 45. Qg4
{[%clk 0:00:06]} Qf6 {[%clk 0:00:07]} 46. Rf3 {[%clk 0:00:06]} Qg5
{[%clk 0:00:07]} 47. h3 {[%clk 0:00:05]} Qxg4 {[%clk 0:00:07]} 48. hxg4
{[%clk 0:00:06]} Re8 {[%clk 0:00:08]} 49. Rb3 {[%clk 0:00:06]} Re1+
{[%clk 0:00:07]} 50. Kg2 {[%clk 0:00:07]} Be5 {[%clk 0:00:07]} 51. Kf3
{[%clk 0:00:07]} Rf1+ {[%clk 0:00:05]} 52. Ke2 {[%clk 0:00:08]} Ra1
{[%clk 0:00:05]} 53. Ra3 {[%clk 0:00:09]} Kg7 {[%clk 0:00:05]} 54. Rxa7+
{[%clk 0:00:10]} Kf6 {[%clk 0:00:06]} 55. a4 {[%clk 0:00:10]} Kg5
{[%clk 0:00:06]} 56. a5 {[%clk 0:00:10]} Kf4 {[%clk 0:00:07]} 57. a6
{[%clk 0:00:09]} Ra2+ {[%clk 0:00:06]} 58. Kd3 {[%clk 0:00:10]} Ra3+
{[%clk 0:00:07]} 59. Kc2 {[%clk 0:00:10]} h5 {[%clk 0:00:07]} 60. Rf7
{[%clk 0:00:10]} hxg4 {[%clk 0:00:07]} 61. Be6+ {[%clk 0:00:05]} Ke3
{[%clk 0:00:08]} 62. a7 {[%clk 0:00:05]} d3+ {[%clk 0:00:09]} 63. Kd1 Ra1# 0-1

[Event "Russian Blitz Championship (w)"]
[Site "Sochi"]
[Date "2022.10.14"]
[Round "13.8"]
[White "Dimitrova, Aleksandra"]
[Black "Shuvalova, Polina"]
[Result "0-1"]
[BlackElo "2392"]
[WhiteElo "2051"]
[LiveChessVersion "1.4.8"]

1. e4 {[%clk 0:03:03]} c5 {[%clk 0:03:03]} 2. Nf3 {[%clk 0:03:04]} Nc6
{[%clk 0:03:04]} 3. d4 {[%clk 0:03:04]} cxd4 {[%clk 0:03:05]} 4. Nxd4
{[%clk 0:03:05]} Nf6 {[%clk 0:03:05]} 5. Nc3 {[%clk 0:03:05]} e6 {[%clk 0:03:06]}
6. Ndb5 {[%clk 0:03:05]} Bc5 {[%clk 0:03:06]} 7. Bf4 {[%clk 0:03:02]} O-O
{[%clk 0:03:06]} 8. Bc7 {[%clk 0:03:02]} Qe7 {[%clk 0:03:07]} 9. Bd6
{[%clk 0:03:03]} Bxd6 {[%clk 0:03:08]} 10. Nxd6 {[%clk 0:02:48]} Ne8
{[%clk 0:03:00]} 11. Ncb5 {[%clk 0:02:12]} Nf6 {[%clk 0:02:05]} 12. Nc3
{[%clk 0:01:57]} a6 {[%clk 0:02:04]} 13. Be2 {[%clk 0:01:49]} Ne8
{[%clk 0:02:01]} 14. Nxc8 {[%clk 0:01:44]} Rxc8 {[%clk 0:02:01]} 15. O-O
{[%clk 0:01:45]} Nf6 {[%clk 0:02:01]} 16. Qd2 {[%clk 0:01:38]} Rfd8
{[%clk 0:02:01]} 17. Rad1 {[%clk 0:01:25]} h6 {[%clk 0:02:00]} 18. Qd6
{[%clk 0:01:24]} Qxd6 {[%clk 0:01:57]} 19. Rxd6 {[%clk 0:01:25]} Ne8
{[%clk 0:01:58]} 20. Rd2 {[%clk 0:01:26]} d6 {[%clk 0:01:57]} 21. Rfd1
{[%clk 0:01:26]} Kf8 {[%clk 0:01:58]} 22. f4 {[%clk 0:01:23]} Ke7
{[%clk 0:01:59]} 23. Bf3 {[%clk 0:01:21]} Na5 {[%clk 0:01:56]} 24. Rd3
{[%clk 0:01:02]} Nc4 {[%clk 0:01:54]} 25. Rb1 {[%clk 0:00:59]} Rc7
{[%clk 0:01:53]} 26. Ne2 {[%clk 0:00:50]} Rdc8 {[%clk 0:01:46]} 27. c3
{[%clk 0:00:51]} e5 {[%clk 0:01:45]} 28. f5 {[%clk 0:00:48]} b5 {[%clk 0:01:43]}
29. b3 {[%clk 0:00:45]} Nb6 {[%clk 0:01:42]} 30. Rbd1 {[%clk 0:00:41]} Rc6
{[%clk 0:01:41]} 31. g4 {[%clk 0:00:40]} a5 {[%clk 0:01:29]} 32. h4
{[%clk 0:00:41]} a4 {[%clk 0:01:30]} 33. g5 {[%clk 0:00:39]} hxg5
{[%clk 0:01:29]} 34. hxg5 {[%clk 0:00:40]} axb3 {[%clk 0:01:29]} 35. axb3
{[%clk 0:00:41]} Ra8 {[%clk 0:01:30]} 36. Nc1 {[%clk 0:00:33]} Ra1
{[%clk 0:01:27]} 37. Be2 {[%clk 0:00:31]} Rb1 {[%clk 0:01:25]} 38. Re3
{[%clk 0:00:27]} Nc7 {[%clk 0:01:20]} 39. Kf2 {[%clk 0:00:20]} Rb2
{[%clk 0:01:14]} 40. Ke1 {[%clk 0:00:13]} Rc2 {[%clk 0:01:13]} 41. Nd3
{[%clk 0:00:04]} R6xc3 {[%clk 0:01:09]} 42. b4 {[%clk 0:00:04]} Ra2
{[%clk 0:01:02]} 43. Rf3 {[%clk 0:00:04]} Rcc2 {[%clk 0:01:02]} 44. f6+
{[%clk 0:00:05]} gxf6 {[%clk 0:01:02]} 45. gxf6+ {[%clk 0:00:06]} Ke8
{[%clk 0:00:57]} 46. Nc1 {[%clk 0:00:07]} Rab2 {[%clk 0:00:57]} 47. Nd3
{[%clk 0:00:07]} Rxe2+ {[%clk 0:00:57]} 0-1